[Event "Botvinnik Cup 2018"]
[Site "Moscow"]
[Date "2018.08.12"]
[Round "5"]
[White "Kuliyev, Emin"]
[Black "Paichadze, Luka"]
[Result "0-1"]
[WhiteElo "1641"]
[BlackElo "2564"]
[Annotator "RC"]
[PlyCount "62"]
[EventDate "2018.08.10"]
[EventCountry "RUS"]
[SourceTitle "playchess.com"]
[Source "ChessBase"]
[SourceQuality "1"]
[TimeControl "5400+30"]

1. c4 {[%emt 0:00:00]} Nf6 {[%emt 0:00:00]} 2. Nc3 {[%emt 0:00:00]} e6 {[%emt 0:00:22]} 3. Nf3 {[%emt 0:01:44]} Bb4 {[%emt 0:00:12]} 4. d4 {[%emt 0:06:18]} b6 {[%emt 0:03:14]} 5. e3 {[%emt 0:01:46]} Bb7 {[%emt 0:00:42]} 6. Bd3 {[%emt 0:02:23]} O-O {[%emt 0:00:28]} 7. O-O {[%emt 0:03:18]} d5 {[%emt 0:00:23]} 8. Bd2 {[%emt 0:02:03]} Be7 {[%emt 0:00:22]} 9. Qe2 {[%emt 0:03:26]} c5 {[%emt 0:01:09]} 10. Rfd1 {[%emt 0:12:52]} Nbd7 {[%emt 0:01:09]} 11. Be1 {[%emt 0:04:02]} cxd4 {[%emt 0:03:11]} 12. exd4 {[%emt 0:04:31]} dxc4 {[%emt 0:01:32]} 13. Bxc4 {[%emt 0:00:14]} Nd5 {[%emt 0:00:07]} 14. Nxd5 {[%emt 0:02:32]} exd5 {[%emt 0:00:22]} 15. Bb3 {[%emt 0:12:07]} Re8 {[%emt 0:01:58]} 16. Qd3 {[%emt 0:04:28]} Bd6 {[%emt 0:01:59]} 17. Bc3 {[%emt 0:01:07]} Nf6 {[%emt 0:01:58]} 18. Ne5 {[%emt 0:15:12]} Ne4 {[%emt 0:00:55]} 19. Re1 {[%emt 0:00:27]} Qf6 {[%emt 0:10:35]} 20. f3 {[%emt 0:02:30]} Nxc3 {[%emt 0:01:10]} 21. Qxc3 {[%emt 0:01:19]} Rac8 {[%emt 0:00:45]} 22. Qe3 {[%emt 0:04:45]} Qf5 {[%emt 0:04:05]} 23. g4 {[%emt 0:04:34]} Qe6 {[%emt 0:02:30]} 24. Ba4 {[%emt 0:05:53]} Re7 {[%emt 0:00:54]} 25. Qd2 {[%emt 0:02:36]} Qf6 {[%emt 0:01:47]} 26. Bd7 {[%emt 0:01:19]} Bxe5 {[%emt 0:04:38]} 27. dxe5 {[%emt 0:00:46]} Qxf3 {[%emt 0:00:12]} 28. Bxc8 {[%emt 0:01:03]} Bxc8 {[%emt 0:00:05]} 29. Qg2 {[%emt 0:00:41]} Bxg4 {[%emt 0:00:21]} 30. Rad1 {[%emt 0:00:30]} Qxg2+ {[%emt 0:00:37]} 31. Kxg2 {[%emt 0:00:19]} Bxd1 {[%emt 0:01:15]} 0-1

[Event "Botvinnik Cup 2018"]
[Site "Moscow"]
[Date "2018.08.12"]
[Round "5"]
[White "Batyrowa, Merjen"]
[Black "Paichadze, Luka"]
[Result "0-1"]
[WhiteElo "1555"]
[BlackElo "2564"]
[Annotator "ChessBase"]
[PlyCount "70"]
[EventDate "2018.08.10"]
[EventCountry "RUS"]
[SourceTitle "playchess.com"]
[Source "ChessBase"]
[SourceQuality "1"]
[TimeControl "5400+30"]

1. d4 {[%emt 0:00:00]} Nf6 {[%emt 0:00:00]} 2. c4 {[%emt 0:00:16]} e6 {[%emt 0:00:00]} 3. Nf3 {[%emt 0:00:17]} Nc6 {[%emt 0:00:12]} 4. a3 {[%emt 0:00:14]} d5 {[%emt 0:00:08]} 5. e3 {[%emt 0:00:14]} g6 {[%emt 0:00:12]} 6. Bd3 {[%emt 0:00:39]} Bg7 {[%emt 0:00:02]} 7. Nc3 {[%emt 0:00:20]} O-O {[%emt 0:00:05]} 8. O-O {[%emt 0:00:13]} b6 {[%emt 0:00:31]} 9. cxd5 {[%emt 0:01:10]} exd5 {[%emt 0:00:10]} 10. Bd2 {[%emt 0:02:59]} Ne7 {[%emt 0:04:16]} 11. Rc1 {[%emt 0:01:18]} Bb7 {[%emt 0:00:35]} 12. Qc2 {[%emt 0:10:53]} c5 {[%emt 0:02:16]} 13. b3 {[%emt 0:08:20]} Rc8 {[%emt 0:00:33]} 14. Qa2 {[%emt 0:01:32]} Ne4 {[%emt 0:00:40]} 15. Ne2 {[%emt 0:08:43]} Nf5 {[%emt 0:04:55]} 16. Rfd1 {[%emt 0:03:37]} Re8 {[%emt 0:00:38]} 17. a4 {[%emt 0:17:29]} Qe7 {[%emt 0:03:43]} 18. Be1 {[%emt 0:17:05]} Ned6 {[%emt 0:02:03]} 19. Bxf5 {[%emt 0:09:15]} Nxf5 {[%emt 0:07:17]} 20. Ng3 {[%emt 0:01:39]} Nd6 {[%emt 0:07:37]} 21. dxc5 {[%emt 0:06:22]} bxc5 {[%emt 0:00:04]} 22. Bc3 {[%emt 0:00:41]} d4 {[%emt 0:02:00]} 23. exd4 {[%emt 0:03:00]} Bxf3 {[%emt 0:00:34]} 24. gxf3 {[%emt 0:00:04]} cxd4 {[%emt 0:00:01]} 25. Bb4 {[%emt 0:01:43]} Qe6 {[%emt 0:02:46]} 26. Qd2 {[%emt 0:03:10]} Nf5 {[%emt 0:00:55]} 27. Qd3 {[%emt 0:00:44]} Nh4 {[%emt 0:04:19]} 28. Kh1 {[%emt 0:01:25]} Rb8 {[%emt 0:00:12]} 29. Re1 {[%emt 0:00:36]} Qd5 {[%emt 0:00:54]} 30. Re4 {[%emt 0:00:31]} Bf6 {[%emt 0:01:16]} 31. Rxe8+ {[%emt 0:00:29]} Rxe8 {[%emt 0:00:14]} 32. Ne4 {[%emt 0:00:29]} Bg7 {[%emt 0:00:29]} 33. Nd2 {[%emt 0:00:30]} Bh6 {[%emt 0:00:35]} 34. Rc5 {[%emt 0:00:31]} Re1+ {[%emt 0:00:27]} 35. Nf1 {[%emt 0:00:01]} Qxf3+ {[%emt 0:00:03]} 0-1

[Event "Botvinnik Cup 2018"]
[Site "Moscow"]
[Date "2018.08.12"]
[Round "5"]
[White "Sezdbekova, Aizhan"]
[Black "Khusnutdinov, Rustam"]
[Result "0-1"]
[WhiteElo "1410"]
[BlackElo "2470"]
[Annotator "ChessBase"]
[PlyCount "116"]
[EventDate "2018.08.10"]
[EventCountry "RUS"]
[SourceTitle "playchess.com"]
[Source "ChessBase"]
[SourceQuality "1"]
[TimeControl "5400+30"]

1. e4 {[%emt 0:00:00]} c5 {[%emt 0:00:00]} 2. Nc3 {[%emt 0:00:20]} Nc6 {[%emt 0:00:00]} 3. g3 {[%emt 0:00:25]} g6 {[%emt 0:00:00]} 4. Bg2 {[%emt 0:00:40]} Bg7 {[%emt 0:00:00]} 5. Nge2 {[%emt 0:00:48]} e6 {[%emt 0:00:32]} 6. d3 {[%emt 0:00:38]} Nge7 {[%emt 0:00:03]} 7. Bg5 {[%emt 0:02:06]} h6 {[%emt 0:00:21]} 8. Be3 {[%emt 0:01:05]} Nd4 {[%emt 0:00:37]} 9. Rb1 {[%emt 0:05:13]} O-O {[%emt 0:00:27]} 10. O-O {[%emt 0:03:37]} d6 {[%emt 0:00:20]} 11. Qd2 {[%emt 0:06:07]} Kh7 {[%emt 0:00:05]} 12. h3 {[%emt 0:12:23]} Rb8 {[%emt 0:00:14]} 13. a3 {[%emt 0:02:31]} b6 {[%emt 0:00:54]} 14. f4 {[%emt 0:18:11]} Bb7 {[%emt 0:00:12]} 15. g4 {[%emt 0:04:26]} f5 {[%emt 0:00:53]} 16. g5 {[%emt 0:10:18]} hxg5 {[%emt 0:02:07]} 17. fxg5 {[%emt 0:00:50]} Qd7 {[%emt 0:00:52]} 18. Ng3 {[%emt 0:08:54]} Rf7 {[%emt 0:02:35]} 19. h4 {[%emt 0:04:24]} Rbf8 {[%emt 0:08:24]} 20. h5 {[%emt 0:01:14]} d5 {[%emt 0:12:03]} 21. hxg6+ {[%emt 0:05:51]} Nxg6 {[%emt 0:00:04]} 22. exf5 {[%emt 0:01:28]} Nxf5 {[%emt 0:00:24]} 23. Nxf5 {[%emt 0:00:31]} exf5 {[%emt 0:00:39]} 24. d4 {[%emt 0:00:53]} f4 {[%emt 0:00:12]} 25. Qd1 {[%emt 0:01:35]} f3 {[%emt 0:03:53]} 26. Bxf3 {[%emt 0:04:29]} Qh3 {[%emt 0:04:39]} 27. Rf2 {[%emt 0:02:32]} Rxf3 {[%emt 0:00:06]} 28. Rh2 {[%emt 0:00:49]} Rxe3 {[%emt 0:00:04]} 29. Rxh3+ {[%emt 0:00:40]} Rxh3 {[%emt 0:00:02]} 30. Qg4 {[%emt 0:00:45]} Bxd4+ {[%emt 0:00:30]} 31. Kg2 {[%emt 0:00:23]} Nf4+ {[%emt 0:00:10]} 32. Qxf4 {[%emt 0:01:04]} Rxf4 {[%emt 0:00:09]} 33. Kxh3 {[%emt 0:00:07]} Kg6 {[%emt 0:00:21]} 34. Ne2 {[%emt 0:00:37]} Bc8+ {[%emt 0:00:32]} 35. Kg3 {[%emt 0:00:26]} Rg4+ {[%emt 0:00:13]} 36. Kf3 {[%emt 0:00:23]} Be5 {[%emt 0:00:23]} 37. Nc3 {[%emt 0:01:01]} Bxc3 {[%emt 0:00:14]} 38. bxc3 {[%emt 0:00:11]} Rc4 {[%emt 0:00:15]} 39. Rb3 {[%emt 0:00:46]} Bf5 {[%emt 0:00:09]} 40. Rb2 {[%emt 0:00:45]} Kxg5 {[%emt 0:00:07]} 41. Ke2 {[%emt 0:00:29]} Rxc3 {[%emt 0:00:02]} 42. a4 {[%emt 0:00:11]} Rxc2+ {[%emt 0:01:10]} 43. Rxc2 {[%emt 0:00:06]} Bxc2 {[%emt 0:00:02]} 44. Kd2 {[%emt 0:00:21]} Bxa4 {[%emt 0:00:06]} 45. Kc3 {[%emt 0:00:08]} Kf4 {[%emt 0:04:12]} 46. Kd3 {[%emt 0:00:08]} Bb5+ {[%emt 0:01:24]} 47. Kc3 {[%emt 0:00:08]} Ke3 {[%emt 0:00:03]} 48. Kc2 {[%emt 0:00:08]} d4 {[%emt 0:00:09]} 49. Kd1 {[%emt 0:00:05]} d3 {[%emt 0:00:02]} 50. Kc1 {[%emt 0:00:07]} d2+ {[%emt 0:00:01]} 51. Kb2 {[%emt 0:00:06]} d1=Q {[%emt 0:00:03]} 52. Kc3 {[%emt 0:00:03]} Qd4+ {[%emt 0:00:02]} 53. Kc2 {[%emt 0:00:03]} Ba4+ {[%emt 0:00:02]} 54. Kc1 {[%emt 0:00:03]} Qc3+ {[%emt 0:00:03]} 55. Kb1 {[%emt 0:00:03]} Bc2+ {[%emt 0:00:01]} 56. Kc1 {[%emt 0:00:02]} Bb3+ {[%emt 0:00:01]} 57. Kb1 {[%emt 0:00:02]} Qc2+ {[%emt 0:00:01]} 58. Ka1 {[%emt 0:00:03]} Qc1# {[%emt 0:00:00]} 0-1

[Event "Botvinnik Cup 2018"]
[Site "Moscow"]
[Date "2018.08.13"]
[Round "6"]
[White "Kovalev, Vladislav"]
[Black "Qalichava, Akaki"]
[Result "1-0"]
[WhiteElo "2667"]
[BlackElo "1874"]
[Annotator "TA"]
[PlyCount "111"]
[EventDate "2018.08.10"]
[EventCountry "RUS"]
[SourceTitle "playchess.com"]
[Source "ChessBase"]
[SourceQuality "1"]

{[%evp 24,111,78,62,64,71,79,9,27,30,13,0,0,-44,-38,-38,-38,-38,-37,-42,-45,-46,-49,-71,-80,-69,-70,-74,-86,-142,-133,-215,-231,-287,-304,-290,-241,-331,-347,-352,-345,-416,-404,-452,-449,-389,-174,-231,-119,-260,-279,-269,-265,-281,-197,-182,-8,-8,8,8,8,8,608,604,604,604,584,583,488,256,275,268,258,195,317,311,450,369,354,337,455,429,5908,454,439,390,1082,446,607,438]} 1. e4 c5 2. Nf3 e6 3. Nc3 Nc6 4. d4 cxd4 5. Nxd4 Qc7 6. Be2 Nf6 7. O-O a6 8. Be3 Bb4 9. Nxc6 bxc6 10. Qd4 Be7 {B49: Sicilian: Taimanov: 5 Nc3 Qc7 6 Be3 a6 7 Be2} 11. e5 Nd5 12. Nxd5 cxd5 13. c4 {LiveBook: 3 Games} Bb7 14. Rac1 {Strongly threatening cxd5.} Qb8 {[#]} 15. f4 $146 (15. Bf3 $16) ({Predecessor:} 15. Bf3 dxc4 16. Rfd1 O-O 17. Bxb7 Qxb7 18. Qxd7 {1-0 (44) Perunovic,M (2577)-Diamant,A (2472) Las Vegas 2012}) 15... O-O $11 16. f5 f6 17. Bf4 fxe5 18. Qxe5 Qxe5 19. Bxe5 Bc5+ 20. Kh1 d6 21. Bg3 e5 22. cxd5 Bxd5 23. Bc4 Bxc4 24. Rxc4 {White wants to play Bxe5!} Bd4 25. Rc6 d5 26. h4 (26. Rd6 $142) 26... Bxb2 $17 27. h5 (27. Rd6 $17) 27... e4 $1 $19 {[%cal Be5e4,Be4e3][%mdl 32]} 28. Rf2 Bf6 29. h6 gxh6 30. Bf4 Bg7 31. g4 d4 32. Re2 e3 33. Kg2 Rad8 34. Re1 {[#]} Rc8 (34... h5 $142 $1 35. gxh5 Rxf5) 35. Rxa6 {[#]} (35. Rxc8 $142 Rxc8 36. Kf3) 35... Rc2+ (35... h5 $1 $19 {[%mdl 512]} 36. Kg3 (36. gxh5 Rxf5) 36... hxg4 37. Kxg4 h5+ $1 {[%mdl 512]} 38. Kxh5 Rxf5+ 39. Kg4 Rf7) 36. Kg3 {[#]} (36. Kf3 $17 {only move.}) 36... h5 $1 {[%mdl 512]} 37. gxh5 Rxf5 38. h6 Bf8 {And now ...Rf2 would win.} 39. Kg4 Rf7 $2 (39... Rfc5 $1 $19 {...Rc1 is the strong threat.} 40. Bd6 Rc8) 40. Rg1 $11 Rd7 {Hoping for ...Kf7.} 41. Rf6 $1 {[#]} Bg7 $1 {[%cal Rg7f6][%mdl 512]} 42. Kh3 {[#]} (42. hxg7 Rxg7+) 42... d3 $2 {[%mdl 8192]} ({But not} 42... Rxa2 $2 43. hxg7 Rxg7 44. Bh6 $1 $18 {[%mdl 512]}) (42... Rc1 $1 $11 {[%mdl 512]} 43. Rxg7+ (43. Rxc1 Bxf6) 43... Rxg7 44. hxg7 e2 45. Bxc1 e1=Q) 43. hxg7 $18 Rxg7 {[#]} 44. Bh6 $1 {[%mdl 512]} Rcc7 45. Rb1 {Threatening mate with Rb8+.} ({Weaker is} 45. Rxg7+ Rxg7 46. Bxe3 Rf7 $14) 45... Rc8 46. Bxe3 (46. Bxg7 $142 {White threatens Bh6 and mate.} Kxg7 47. Re6) 46... Rg6 47. Rf3 Ra8 48. Rb2 Rga6 {[#]} (48... Ra5 $142 49. Rg3 Kf7) 49. a4 $1 Re6 (49... Rg6 {might work better.} 50. Bd2 Rxa4 51. Rb8+ Kg7 52. Rb7+ Kg8 53. Rb8+ Kg7 54. Rb7+ Kg8 55. Rxd3 Ra8) (49... Rxa4 50. Rg2+) 50. Rb4 Rg6 51. Bd2 Rd8 52. Rb5 Rd7 (52... Rf8 $142) 53. a5 (53. Rb8+ $142 Kg7 54. Rb3) 53... h6 54. Rbf5 Rdg7 $2 (54... Kg7 55. Bc3+ Kh7 56. Rf7+ Rxf7 57. Rxf7+ Kg8) 55. Rf8+ Kh7 56. R8f7 {Precision: White = 46%, Black = 35%.} 1-0

[Event "Botvinnik Cup 2018"]
[Site "Moscow"]
[Date "2018.08.13"]
[Round "6"]
[White "Kovalev, Vladislav"]
[Black "Tsotsonava, Elene"]
[Result "1-0"]
[WhiteElo "2667"]
[BlackElo "1701"]
[Annotator "TA"]
[PlyCount "85"]
[EventDate "2018.08.10"]
[EventCountry "RUS"]
[SourceTitle "playchess.com"]
[Source "ChessBase"]
[SourceQuality "1"]

{[%evp 18,85,27,26,29,29,30,25,27,27,23,19,21,7,9,9,24,0,22,0,0,0,0,0,0,0,11,2,50,37,48,21,26,9,22,2,6,0,118,103,190,140,117,122,292,300,483,498,462,492,498,479,466,479,535,542,560,558,652,644,635,628,628,617,955,621,946,932,1476,1372]} 1. d4 Nf6 2. Bf4 e6 3. e3 b6 4. Nf3 Bb7 5. Be2 Be7 6. h3 c5 {A47: Damenindisch (ohne c2-c4)} 7. c3 (7. O-O O-O 8. Nbd2 d6 9. a4 a6 10. Bh2 Nbd7 11. c3 Re8 12. Bd3 Bf8 {0-1 (57) Maghsoodloo,P (2584)-Amin,B (2662) Doha 2016}) 7... O-O 8. O-O d6 9. Nbd2 cxd4 10. exd4 {LiveBook: 12 Partien} Re8 11. Bh2 Nbd7 12. a4 a6 13. Nc4 Qc7 14. Nfd2 {[#]} Bf8 $146 ({Vorgänger:} 14... Rab8 15. Ne3 {1-0 (44) Gorozhanin,M (2435)-Obregon,C (2514) chess.com INT 2018}) 15. Bf3 Bxf3 16. Qxf3 Rac8 17. Rfe1 Qc6 18. Qd3 b5 19. axb5 axb5 20. Na3 Rb8 21. Nc2 Nd5 22. Ra5 $36 {[%mdl 2048] Weiss kämpft um Vorteil.} e5 23. Rea1 (23. g4 {looks sharper.} Be7 24. Ra7 f6 25. Rea1 N7b6 26. R1a5) 23... N7f6 24. Ra6 (24. g4 {with more complications.} g6 25. Ra6 Rb6 26. Rxb6 Qxb6 27. g5) 24... Rb6 25. Rxb6 Nxb6 26. Nb4 Qd7 27. d5 Qb7 (27... Na4 $11) 28. Qxb5 $16 {Droht Sc6 und aus.} Rc8 (28... Rb8 $16) 29. c4 Rc5 30. Qa6 Qc7 $2 {[#]} (30... Qxa6 $16 31. Nxa6 Rc8) 31. b3 $18 {[%cal Bb2b3,Bb3b4][%mdl 32]} Qb8 $2 (31... Nfxd5 32. Nxd5 Nxd5 33. cxd5 Qb8) 32. Nc6 {Weiß steht klar auf Gewinn.} Qc7 33. b4 Rxc6 34. dxc6 Qxc6 35. Kh1 Nfd7 36. f3 f5 37. Bg1 Be7 38. Bxb6 Nxb6 {[#]} 39. c5 $1 dxc5 40. Nc4 Bd8 41. Nxb6 Bxb6 42. Rc1 Qh6 43. Qc8+ {Precision: Weiß = 63%, Schwarz = 34%.} 1-0

[Event "Botvinnik Cup 2018"]
[Site "Moscow"]
[Date "2018.08.13"]
[Round "6"]
[White "Korotylev, Alexey"]
[Black "Babazada, Khazar"]
[Result "1/2-1/2"]
[WhiteElo "2573"]
[BlackElo "2229"]
[Annotator "TA"]
[PlyCount "68"]
[EventDate "2018.08.10"]
[EventCountry "RUS"]
[SourceTitle "playchess.com"]
[Source "ChessBase"]
[SourceQuality "1"]

{[%evp 18,68,57,51,61,51,44,63,71,64,54,84,83,73,79,64,89,98,84,15,6,6,15,15,15,15,16,0,49,0,0,0,66,0,0,0,22,0,0,0,0,0,0,-18,0,-18,-18,-48,-55,-62,-3,-62,-62]} 1. d4 Nf6 2. c4 g6 3. Nc3 Bg7 4. e4 d6 5. Bd3 O-O 6. Nge2 Nbd7 7. O-O e5 8. d5 a5 9. f3 Nc5 10. Bc2 {LiveBook: 20 Partien} Nfd7 {E70: Königsindisch (Weiß spielt früh e2-e4)} (10... Nh5 11. g4 Nf6 12. Be3 h5 13. h3 hxg4 14. fxg4 Bxg4 15. hxg4 Nxg4 16. Bxc5 Qh4 17. Rf3 dxc5 18. Qe1 {0-1 (51) Miton,K (2601)-Korobov,A (2693) Wroclaw 2014}) 11. Be3 f5 12. exf5 gxf5 {Weiß steht etwas besser.} 13. Qd2 $146 ({Vorgänger:} 13. f4 e4 14. Bd4 Nf6 15. a3 Ncd7 16. Ng3 Nb6 17. Bxb6 cxb6 {0-1 (60) Purtseladze,M (2308)-Skinke,K (2132) Tallinn 2007}) 13... f4 14. Bf2 Kh8 15. Kh1 b6 16. Rg1 Qg5 17. g4 Qh6 18. Bxc5 (18. Raf1 $16) 18... Nxc5 $11 19. Ne4 Nxe4 20. Bxe4 Qh4 21. Nc3 Bf6 22. Qd3 Be7 23. b3 Bd7 24. Rg2 h5 (24... Qh3 $11) 25. Bf5 Bxf5 26. gxf5 {[#] Und Tag1 würde nun gewinnen.} Rg8 $1 27. Rg6 Rxg6 28. fxg6 {zielt auf Df5 ab.} Qf6 29. Rg1 $36 {[%mdl 2048] Weiss hat gut koordiniertes Spiel.} Rg8 $1 30. Qc2 Kg7 31. Ne4 Qf5 32. Qg2 Kh6 33. g7 Bf6 (33... Bh4 $15) 34. Qf1 ({Lieber} 34. Qd2 $1 $11) 34... Rxg7 {Precision: Weiß = 30%, Schwarz = 68%.} 1/2-1/2

[Event "Botvinnik Cup 2018"]
[Site "Moscow"]
[Date "2018.08.13"]
[Round "6"]
[White "Korotylev, Alexey"]
[Black "Allahverdiyeva, Ayan"]
[Result "0-1"]
[WhiteElo "2573"]
[BlackElo "2046"]
[Annotator "TA"]
[PlyCount "120"]
[EventDate "2018.08.10"]
[EventCountry "RUS"]
[SourceTitle "playchess.com"]
[Source "ChessBase"]
[SourceQuality "1"]

{[%evp 25,120,101,139,75,84,68,79,57,118,119,104,68,71,72,124,102,151,112,123,-78,-60,-108,-114,-116,-106,-130,-123,-210,-105,-166,-137,-217,-182,-292,-255,-254,-248,-251,-110,-251,-252,-245,-245,-242,-244,-233,-233,-233,-233,-228,-234,-232,-216,-243,-211,-238,-233,-256,-249,-258,-248,-272,-266,-276,-231,-315,-308,-300,-293,-292,-272,-9932,-12741,-12482,-277,-12833,-12835,-12838,-12837,-12837,0,-12838,-259,-12838,-487,-12831,0,-12838,-12839,-12842,-12843,-12845,-12845,-12845,-12845,-12845,-12846]} 1. Nf3 e6 2. c4 d5 3. g3 Nf6 4. b3 c5 5. Bg2 Nc6 6. cxd5 exd5 7. O-O Be7 8. d4 O-O 9. Bb2 Ne4 10. Nc3 Bf6 11. Na4 b5 12. Nxc5 {D34: Tarrasch Defence: 6 g3 Nf6 7 Bg2 Be7} Nxc5 13. Rc1 {[#]} Nxd4 $1 {[%mdl 512] LiveBook: 6 Games} 14. Bxd4 ({White should try} 14. Nxd4 Ne4 15. Nc6) 14... Ne4 $16 15. Bxf6 Nxf6 16. Nd4 Qe8 $146 (16... Bd7 $14) ({Predecessor:} 16... Bd7 17. Nc6 Bxc6 18. Rxc6 Rc8 19. Rxc8 Qxc8 {½-½ (56) Correa,A (2390)-Van Riemsdijk,H (2440) Curitiba 1992}) 17. Qd3 a6 18. Rc7 Qe5 19. Rfc1 Qh5 (19... Bd7 $142) 20. R1c5 Bh3 21. e3 Ne4 22. Bxh3 $2 (22. Rc1 $16 {and life is bright.}) 22... Nxc5 $17 23. Qf5 Qxf5 24. Bxf5 Ne4 25. Nc6 g6 26. Bh3 {[#]} (26. Bd7 $17) 26... Kg7 (26... f5 $1 $19 27. Ne7+ Kh8) 27. Nb4 (27. Nd4 $17) 27... Ng5 28. Bg2 (28. Bd7 $17) 28... Rfc8 29. Nxd5 (29. Nxa6 {was necessary.} Rxc7 30. Nxc7 Rxa2 31. Kf1) 29... Rxc7 30. Nxc7 $19 {[%mdl 4096] Endgame KRN-KBN} Rc8 31. Nxa6 Rc1+ 32. Bf1 Ne4 {Strongly threatening ...Nd2.} 33. Kg2 Rc2 34. Nb4 Rxf2+ 35. Kg1 {Black must now prevent Bd3.} Rb2 36. Bxb5 Nc3 37. Bc4 Nxa2 38. Nd3 Rc2 39. Ne5 Rc3 40. Kf2 Nc1 41. Bd5 f6 ({Don't do} 41... Nxb3 42. Nxf7 Rc2+ 43. Kg1 $19) 42. Nc4 Rxb3 43. Nd6 Rb6 44. Nc4 Ra6 45. h4 Nd3+ 46. Kf3 Ra4 47. Ke2 Ne5 48. Nxe5 $2 (48. Nd6) 48... fxe5 {KR-KB} 49. Kf3 h5 $2 (49... Rb4 50. Bc6 Kf6) 50. Bc6 $2 (50. e4) 50... Rb4 51. Bd5 Kf6 52. Bc6 Kg7 53. Bd5 $1 {[#]} Kh6 $2 (53... g5 $1 54. hxg5 Kg6 55. Be4+ Kxg5) 54. Bc6 $2 (54. Kg2) 54... Kh7 (54... g5 $142 55. hxg5+ Kxg5) 55. Be4 (55. Kg2 $142 g5 56. hxg5) 55... Kh6 56. Bc6 $1 g5 {Black is clearly winning.} 57. hxg5+ Kxg5 58. Bd7 e4+ 59. Kf2 Rb2+ 60. Kf1 Rb6 {Precision: White = 29%, Black = 50%.} 0-1

[Event "Botvinnik Cup 2018"]
[Site "Moscow"]
[Date "2018.08.13"]
[Round "6"]
[White "Paichadze, Luka"]
[Black "Lazavik, Denis"]
[Result "0-1"]
[WhiteElo "2564"]
[BlackElo "2235"]
[Annotator "TA"]
[PlyCount "114"]
[EventDate "2018.08.10"]
[EventCountry "RUS"]
[SourceTitle "playchess.com"]
[Source "ChessBase"]
[SourceQuality "1"]

{[%evp 26,114,0,0,0,-12,-14,-36,-35,-45,-32,-37,-27,-34,-27,-39,-33,-35,-39,-31,-35,-79,-82,-86,-81,-118,-111,-118,-113,-116,-124,-155,-147,-162,-128,-154,-167,-162,-139,-137,-122,-122,-126,-122,-117,-127,-126,-111,-110,-134,-136,-183,-171,-351,-333,-1982,-1706,-1632,-1383,-1401,-1399,-5385,-5385,-5189,-1053,-29968,-29969,-29969,-29970,-29970,-29970,-29971,-29972,-29972,-29973,-29969,-29974,-29974,-29975,-29975,-29976,-29976,-29977,-29977,-29978,-29978,-29977,-29979,-29981,-29981,-29982]} 1. e4 e5 2. Nc3 Nf6 3. g3 d5 4. exd5 Nxd5 5. Bg2 Nxc3 6. bxc3 Nc6 7. Nf3 Bd6 8. O-O O-O 9. d3 Bg4 10. Rb1 Rb8 11. h3 Bh5 12. g4 {C47: Scotch Four Knights and Four Knights with 4 g3} Bg6 13. Ng5 h6 14. Ne4 {[#] LiveBook: 6 Games. The position is equal.} Qd7 $146 ({Predecessor:} 14... Ne7 15. c4 b6 16. Be3 f5 17. gxf5 Nxf5 18. Qg4 Nh4 19. Kh1 Bf5 {0-1 (90) Mamedov,R (2650)-Ponomariov,R (2712) Huaian 2016}) 15. Ng3 b6 16. f4 exf4 17. Bxf4 Ne7 {[%cal Bc6e7,Be7c8,Bc8d6,Bd6b5][%mdl 32]} 18. Qd2 Rbe8 19. Rbe1 Nc8 20. Ne4 Bxf4 21. Qxf4 Bxe4 22. Bxe4 Nd6 23. Bg2 Rxe1 24. Rxe1 Re8 25. Re5 Rxe5 26. Qxe5 Qb5 $36 {[%mdl 2048] Keeping White busy.} 27. Qxb5 Nxb5 $17 {[%mdl 4096] Endgame KB-KN} 28. c4 Nd4 29. c3 Ne2+ 30. Kf2 Nxc3 31. a3 Nb1 32. a4 Nc3 33. Bc6 Na2 34. d4 Nb4 35. Be4 Kf8 36. Ke3 Ke7 37. Kd2 Kd6 38. Kc3 c5 39. Bb7 $2 {[#]} (39. d5 {was necessary.}) 39... Nc6 $19 40. Bxc6 $2 (40. d5 Ne5 41. Bc8) 40... Kxc6 {KP-KP} 41. d5+ Kd6 42. Kd3 Ke5 43. h4 g6 44. Ke3 a6 45. Kd3 f6 {Black mates.} 46. Ke3 {[#]} b5 $1 {[%mdl 512]} 47. cxb5 (47. axb5 axb5) 47... axb5 48. axb5 Kxd5 49. Kd3 c4+ 50. Kc3 Kc5 51. b6 Kxb6 52. Kxc4 {K3P-KPP} Kc6 53. Kd4 Kd6 54. Ke4 Ke6 55. Kf4 f5 56. gxf5+ gxf5 57. Kf3 Ke5 {Precision: White = 31%, Black = 93%.} 0-1

[Event "Botvinnik Cup 2018"]
[Site "Moscow"]
[Date "2018.08.13"]
[Round "6"]
[White "Paichadze, Luka"]
[Black "Galkin, Gleb"]
[Result "1-0"]
[WhiteElo "2564"]
[BlackElo "2134"]
[Annotator "TA"]
[PlyCount "71"]
[EventDate "2018.08.10"]
[EventCountry "RUS"]
[SourceTitle "playchess.com"]
[Source "ChessBase"]
[SourceQuality "1"]

{[%evp 18,71,-4,0,270,159,166,179,164,168,170,168,161,178,154,167,220,175,517,372,370,381,377,367,355,292,347,342,345,345,334,329,361,336,394,396,469,453,478,487,499,498,504,491,524,519,513,518,687,677,697,633,868,863,841,834]} 1. e4 e5 2. d4 exd4 3. Qxd4 Nc6 4. Qe3 Nf6 5. Nc3 Bb4 6. Bd2 O-O 7. O-O-O Re8 8. Bc4 Bxc3 9. Bxc3 Nxe4 10. Qf4 $1 {[%cal Rf4f7] LiveBook: 7 Games} Ng5 $2 {[%mdl 8192] C22: Centre Game} (10... Kh8 $11 {and Black is okay.}) (10... Nf6 11. Nf3 d6 12. Ng5 Be6 13. Nxe6 fxe6 14. Rhe1 d5 15. Qg5 h6 16. Qg6 Ne7 17. Qg3 Nf5 18. Qg6 c5 19. Bb5 d4 20. Bxe8 Qxe8 21. Qxe8+ Rxe8 22. Bd2 Ng4 23. Re2 d3 24. cxd3 Nd4 25. Re3 {½-½ (25) Warzecha,H (2370)-Dammer,A (2425) Remote email 2013}) 11. Nf3 ({White must play} 11. Nh3 $1 $18 {[%cal Rh3g5]} Ne6 12. Qg3 (12. Bxe6 fxe6 13. Qg3 e5 $11)) 11... Ne6 $16 12. Qg3 {[%mdl 1024] White has strong compensation.} ({Much less strong is} 12. Bxe6 $6 fxe6 13. Qg3 Qe7 $14) 12... Qe7 {White is clearly better.} 13. Rhe1 $146 {[%mdl 128] aiming for Bxg7! White wants a kill.} ({Predecessor:} 13. Rhf1 Qf8 14. Ng5 Ne7 15. Ne4 Ng6 16. h4 Nef4 17. h5 Nxh5 18. Qxc7 {½-½ (73) Sergeev,D (2072)-Dudin,D (2130) Astrakhan 2013}) 13... Qf8 14. Nh4 $1 Ne7 15. f4 $1 {[%cal Rf4f5]} d5 16. Bxd5 {Bb3 is the strong threat.} Nxd5 (16... c5 $142 17. Bc4 Nd4) 17. Rxd5 $18 {Black must now prevent Nf5.} c6 $2 (17... f6 {is more resistant.} 18. f5 c6) 18. Rxe6 fxe6 {[#]} ({Worse is} 18... Bxe6 19. Bxg7 $1 {[%mdl 512]} Qxg7 20. Rg5 $18) 19. Bxg7 $1 {[%mdl 512]} Qxg7 20. Rg5 Re7 21. Nf3 Bd7 22. Ne5 ({Weaker is} 22. Rxg7+ Rxg7 23. Qh4 Re8 $18) 22... Rf8 23. Rxg7+ Rxg7 24. Qf2 Be8 25. g3 a6 26. Qd4 h5 27. Qd6 {White is clearly winning.} Rf6 28. b4 Kh7 29. Nf3 Bd7 30. Qb8 c5 31. Qxb7 cxb4 32. Qxb4 Kh6 33. Ne5 Be8 34. Qd6 Bg6 35. Qd8 Rf5 36. c4 {Precision: White = 98%, Black = 38%.} 1-0